000 00843nas a2200277 4500
001 BR0707969
003 BR-BrBNA
005 20231205111415.0
007 ta
008 230509b bl.|||p| |||| 00| 00por d
040 _aBR-BrBNA
_bpor
_cBiblioteca Nacional de Agricultura
041 _a(Pt)
072 _aL02; L52
100 1 _aKiefer, C.
100 1 _aQuadros, A.R. de
245 1 _aEfeito da acidificação de dietas simples e complexas sobre o desempenho de leitões nas fases iniciais de crescimento
650 _aNUTRIÇÃO ANIMAL
650 _aDIETA
650 _aPERFORMANCE
650 _aSUÍNO
650 _aCRESCIMENTO
650 _aDESMAME
773 0 _tRevista Ceres (Brazil)
_xISSN 0034-737X
_g(Mar-Apr 2006), v. 53(306) p. 179-187
_wBR0707969
909 _a202311
_bLúcia
_c55
_dLúcia Elande
942 _2AGRIS
_n0
_cANA
999 _c192541
_d192541